[PAROLES] - Zéro détail - SNEAZZY X NEKFEU - Paroles - Statistiques

Statistiques générales
  • Ce quiz a été pris 23 fois
  • Le résultat moyen est 529 sur 793
Statistiques - réponses
Paroles % Correct
à
100%
a
100%
c
100%
ça
100%
Ça
100%
d
100%
de
100%
l
100%
L
100%
la
100%
100%
le
100%
m
100%
détail
93%
J
93%
j
93%
me
93%
n
93%
peu
93%
s
93%
T
93%
t
93%
un
93%
amour
86%
ce
86%
comme
86%
des
86%
du
86%
je
86%
leur
86%
qu
86%
te
86%
Très
86%
z
86%
Zéro
86%
zéro
86%
ai
79%
au
79%
cœur
79%
en
79%
est
79%
et
79%
fais
79%
il
79%
les
79%
Les
79%
limite
79%
meurtri
79%
on
79%
On
79%
quand
79%
Si
79%
si
79%
sur
79%
sûr
79%
Une
79%
une
79%
ville
79%
ap
71%
dans
71%
donner
71%
fait
71%
mille
71%
minimum
71%
71%
pas
71%
Pas
71%
pu
71%
que
71%
rés
71%
shirt
71%
tours
71%
vie
71%
blues
64%
Cap
64%
capuche
64%
connais
64%
dis
64%
faire
64%
fond
64%
label
64%
Mais
64%
mais
64%
nom
64%
Qui
64%
qui
64%
reste
64%
sans
64%
sous
64%
suis
64%
tant
64%
Tant
64%
toujours
64%
bât
57%
cash
57%
décennie
57%
dirty
57%
feu
57%
font
57%
lose
57%
noir
57%
nous
57%
pour
57%
pue
57%
Regard
57%
se
57%
son
57%
ton
57%
tout
57%
va
57%
veux
57%
al
50%
àl
50%
argent
50%
balle
50%
beurre
50%
bouche
50%
bruit
50%
chose
50%
demandé
50%
demande
50%
flow
50%
grand
50%
islam
50%
jamais
50%
kil
50%
moi
50%
mon
50%
ont
50%
Pascal
50%
plus
50%
salissent
50%
tee
50%
teintées
50%
trop
50%
Vitres
50%
y
50%
Y
50%
aime
43%
aucun
43%
aux
43%
aveux
43%
bas
43%
biff
43%
canon
43%
collabo
43%
commu
43%
commune
43%
écoute
43%
étais
43%
être
43%
fera
43%
fier
43%
frère
43%
homme
43%
hommes
43%
Ils
43%
journalistes
43%
lerdea
43%
maîtrise
43%
mérite
43%
militaire
43%
musulman
43%
ouais
43%
passé
43%
Praud
43%
retour
43%
rien
43%
similaire
43%
succès
43%
Succès
43%
sujets
43%
tête
43%
tristes
43%
tu
43%
Tu
43%
veut
43%
vient
43%
Zeus
43%
amateurs
36%
blé
36%
boue
36%
cervelet
36%
connu
36%
crache
36%
écrire
36%
électrise
36%
eux
36%
face
36%
juice
36%
keus
36%
leurs
36%
mission
36%
non
36%
qualité
36%
rentré
36%
revenais
36%
Ronaldo
36%
Smith
36%
sont
36%
surtout
36%
Zinedine
36%
3
29%
5
29%
7
29%
accueille
29%
actrices
29%
aurai
29%
avis
29%
bénéfice
29%
bien
29%
bleu
29%
buteur
29%
changé
29%
Cordes
29%
devenir
29%
Elles
29%
euf
29%
humeur
29%
Jorja
29%
meilleur
29%
mental
29%
mineurs
29%
moutons
29%
parlent
29%
peut
29%
rappe
29%
Romano
29%
sèment
29%
sexe
29%
terreur
29%
traîner
29%
vocales
29%
vois
29%
vos
29%
appuie
21%
auraient
21%
beche
21%
besoin
21%
caméras
21%
chialé
21%
creuses
21%
criminels
21%
croisette
21%
crosser
21%
cruise
21%
demain
21%
devant
21%
dormait
21%
encrassé
21%
frontales
21%
genre
21%
histoires
21%
igo
21%
kils
21%
méritocratie
21%
nique
21%
Oh
21%
portes
21%
prendre
21%
serais
21%
air
14%
appelle
14%
brèche
14%
bulle
14%
comprennent
14%
compriment
14%
croiser
14%
dead
14%
doivent
14%
empêche
14%
entouré
14%
humain
14%
pêche
14%
pêchés
14%
pourquoi
14%
racontes
14%
rajel
14%
Showcase
14%
SNZ
14%
SUV
14%
tentatrices
14%
celtique
7%
compte
7%
Crâne
7%
croix
7%
dèche
7%
dette
7%
enfoncé
7%
esquivé
7%
olà
7%
poids
7%
producteurs
7%
puis
7%
rembourse
7%
wesh
7%
Zakât
7%
asp
0%
impose
0%
téc
0%
upée
0%
Aucun quiz correspondant
Distribution des résultats
% des personnes avec chaque résultat
Percentile par nombre de réponses
Votre historique - résultats
Vous n’avez pas pris ce quiz